000
00291nam a22001337a 4500
008
170202b xxu||||| |||| 00| 0 eng d
020
_a
1273X
041
_a
eng
080
_2
6TH
_a
61
100
_a
3
101
_a
SHM
245
_a
TEXTBOOK OF OTOLARYNGOLOGY
_c
DEWEESE, D.D
942
_2
udc
_c
BK
999
_c
4251
_d
4251